LEADER 00501nam a2200169 i 4500 001 000000177904 003 CaOOAMICUS 005 20090227000000.0 008 090227s1964 it u000 u mul u 013 $a155473 040 $aSeMil$bita 245 10$aVol. 1. 300 $aXII, 844 p. 773 0 $tAristides.$dHildesheim : Olms, 1964.$w()20798 850 $aSeMil 852 $aSeMil$W1$xVenegono$y1$m1Z III 225$j128700$B128700$CSeMilBibl$Z2$F139792 $81 996 $6245$aVol. 1$9(OLS)http://semarc/title/13429 LEADER 00997nam a2200217 i 4500 001 000000207762 003 CaOOAMICUS 005 20250825101455.0 008 111104s1883 it u000 u ita u 013 $a186545 040 $aSeMil$bita 100 1 $aDe Gubernatis, Angelo,$d<1840-1913>.$0(OLS)http://semarc/name/11429 245 10$a2.1: Florilegio drammatico :$bTeatro orientale, antico e cristiano. 300 $a401 p. 490 0 $aBiblioteca scientifico-letteraria 773 0 $aDe Gubernatis, Angelo <1840-1913>$tStoria universale della letteratura. 1. serie.$dMilano : Ulrico Hoepli, 1882-1883.$kBiblioteca scientifico-letteraria$g2$w()25730 830 0$aBiblioteca scientifico-letteraria.$0(OLS)http://semarc/title/34006 850 $aSeMil 852 $aSeMil$W1$xVenegono$y1$m1U II 14 FA$j158221$B158221$CSeMilBibl$Z2$F169440 $8I 996 $6245$a2.1: Florilegio drammatico :$bTeatro orientale, antico e cristiano$9(OLS)http://semarc/title/300413